00867nam a2200241 a 4500001000900000005001700009008004100026020001500067020001500082040001800097050002100115245013700136260003000273300003900303500006200342504002700404610005700431650003600488650002100524650002100545700001900566700004000585BRCA_53820190320203044.0971215s1998 nyua---##b---#001-0#eng-# a0847820890 a0847820904 aDLCcDLCdDLC 4aND197b.B93 199810aThe Buddha´s Art of Healingbtibetan paintings rediscoveredcJohn F. Avedon ... [et al.] ; foreword by His Holiness the Dalai Lama. aNueva YorkbRizzolic1998 a168 p.bil. a color, mapasc32 cm. aIncluye glosario, lista de trabajos ilustrados e índice aBibliografía: p. 16324aThe History Museum of Buryatia (Rusia)vExposiciones14aMedicina tibetanaxExposiciones14aPintura tibetana14aBudaxEn el arte1 aAvedon, John F1 aLama, Dalaid(Tenzin Gyatso, 1935-)